Group theory in physics. (Record no. 29144)

000 -LEADER
fixed length control field 00674 a2200205 4500
020 ## - INTERNATIONAL STANDARD BOOK NUMBER
International Standard Book Number 0121898008
020 ## - INTERNATIONAL STANDARD BOOK NUMBER
International Standard Book Number 9780121898007
082 04 - DEWEY DECIMAL CLASSIFICATION NUMBER
Classification number 530.15222
090 ## - LOCALLY ASSIGNED LC-TYPE CALL NUMBER (OCLC); LOCAL CALL NUMBER (RLIN)
-- 513
-- 513
100 1# - MAIN ENTRY--PERSONAL NAME
Personal name Cornwell, John F.
245 10 - TITLE STATEMENT
Title Group theory in physics.
Number of part/section of a work Volume 1 :
Remainder of title an introduction /
Statement of responsibility, etc. John F. Cornwell.
250 ## - EDITION STATEMENT
Edition statement Abridged.
260 ## - PUBLICATION, DISTRIBUTION, ETC.
Place of publication, distribution, etc. [S.l.] :
Name of publisher, distributor, etc. Academic Press,
Date of publication, distribution, etc. 1997.
300 ## - PHYSICAL DESCRIPTION
Extent 349 p. ;
Dimensions 23 cm.
490 1# - SERIES STATEMENT
Series statement Techniques of physics
500 ## - GENERAL NOTE
General note Abridged.
830 #0 - SERIES ADDED ENTRY--UNIFORM TITLE
Uniform title Techniques of physics
942 ## - ADDED ENTRY ELEMENTS (KOHA)
Institution code [OBSOLETE] SNS
Koha item type Book
Call number prefix 530.15222 COR
Holdings
Withdrawn status Lost status Damaged status Not for loan Permanent Location Current Location Date acquired Total Checkouts Full call number Barcode Checked out Date last seen Date last checked out Price effective from Koha item type
        School of Natural Sciences (SNS) School of Natural Sciences (SNS) 05/26/2016 3 530.15222 COR SNS0000452 02/05/2026 01/06/2026 01/06/2026 05/26/2016 Book
© 2023 Central Library, National University of Sciences and Technology. All Rights Reserved.